Gender & behaviour. (Record no. 44084)

MARC details
000 -LEADER
fixed length control field 00531nam a2200169Ia 4500
022 ## - INTERNATIONAL STANDARD SERIAL NUMBER
ISSN 1596-9231
050 ## - CALL MARK
Classification number HQ 1815.5 .G46/
245 #0 - TITLE STATEMENT
Title Gender & behaviour.
260 ## - PUBLICATION, DISTRIBUTION, ETC. (IMPRINT)
Place of publication Ile-Ife, Osun State, Nigeria
260 ## - PUBLICATION, DISTRIBUTION, ETC. (IMPRINT)
Name of publisher The Ife Centre for Psychological Studies
260 ## - PUBLICATION, DISTRIBUTION, ETC. (IMPRINT)
Year of publication 2023
300 ## - PHYSICAL DESCRIPTION
Number of Pages vii, 11218 p. :ill. ; 24 cm.
490 ## - SERIES STATEMENT
Series statement Vol. 21, No. 2
650 ## - SUBJECT ADDED ENTRY--TOPICAL TERM
Topical Term Women--Nigeria--Periodicals. Women--Africa--Periodicals. Sex discrimination against women--Africa--Periodicals.
942 ## - ADDED ENTRY ELEMENTS (KOHA)
Koha item type Serials
Source of classification Library of Congress Classification

No items available.